Catálogo público

A guide to the species of aegilops L. Their taxonomy, morphology and distribution / (Record no. 205633)

MARC details
000 -CABECERA
campo de control de longitud fija 00776nam a2200265Ia 4500
001 - NÚMERO DE CONTROL
campo de control Para_6855
003 - IDENTIFICADOR DEL NÚMERO DE CONTROL
campo de control CHAP
008 - DATOS DE LONGITUD FIJA--INFORMACIÓN GENERAL
campo de control de longitud fija 220125s1983 xx 000 0 und d
010 ## - NÚMERO DE CONTROL DE LA BIBLIOTECA DEL CONGRESO
Número de control de LC 205633
040 ## - FUENTE DE LA CATALOGACIÓN
Centro/agencia transcriptor CHAP
082 ## - NÚMERO DE LA CLASIFICACIÓN DECIMAL DEWEY
Número de clasificación PA 633.11 W58
100 ## - ENTRADA PRINCIPAL--NOMBRE DE PERSONA
Nombre de persona Witcombe, J. R.
9 (RLIN) 122352
245 ## - MENCIÓN DE TÍTULO
Título A guide to the species of aegilops L. Their taxonomy, morphology and distribution /
Mención de responsabilidad, etc. by J. R. Witcombe
260 ## - PUBLICACIÓN, DISTRIBUCIÓN, ETC.
Lugar de publicación, distribución, etc. Roma :
Nombre del editor, distribuidor, etc. International Board for plant Genetic Resourees
300 ## - DESCRIPCIÓN FÍSICA
Extensión 74 p.
650 ## - PUNTO DE ACCESO ADICIONAL DE MATERIA--TÉRMINO DE MATERIA
Término de materia o nombre geográfico como elemento de entrada Trigo
9 (RLIN) 114954
650 ## - PUNTO DE ACCESO ADICIONAL DE MATERIA--TÉRMINO DE MATERIA
Término de materia o nombre geográfico como elemento de entrada Trigo
Subdivisión general fisiología y morfología
9 (RLIN) 115027
901 ## - ELEMENTOS DE DATOS A LOCAL LDA (RLIN)
a PA 633.11 W58
902 ## - ELEMENTOS DE DATOS B LOCAL, LDB (RLIN)
a A
905 ## - ELEMENTOS DE DATOS E LOCAL, LDE (RLIN)
a 0000001983 a 0000000000 00
910 ## - DATOS DE OPCIÓN DEL USUARIO (OCLC)
Datos de opción del usuario 1983
942 ## - ELEMENTOS DE PUNTO DE ACCESO ADICIONAL (KOHA)
Tipo de ítem Koha Parasitologia_
942 ## - ELEMENTOS DE PUNTO DE ACCESO ADICIONAL (KOHA)
Tipo de ítem Koha Parasitologia_
-- 1
Holdings
Estado de retiro Estado de pérdida Fuente del sistema de clasificación o colocación Estado dañado No para préstamo Código de colección Localización permanente Ubicación/localización actual Fecha de adquisición Número de inventario Total de préstamos Signatura topográfica completa Código de barras Fecha visto por última vez Número de copia Precio válido a partir de Tipo de ítem Koha Nota pública
    Dewey Decimal Classification     General Parasitologia Agricola Parasitologia Agricola 27/10/2005 (PA_3908) (No. UACh C/E)   PA 633.11 W58 4102003161 25/01/2022 Ej.2 25/01/2022 Libro 3
    Dewey Decimal Classification     General Parasitologia Agricola Parasitologia Agricola 27/10/2005 (PA_3907) (No. UACh C/E)   PA 633.11 W58 4102003160 25/01/2022 Ej.1 25/01/2022 Libro 3